Diseño del sistema de abastecimiento de agua potable en las comunidades El Prado y San Nicolás del municipio de San Fernando, departamento de Nueva Segovia

En el presente trabajo consiste en diseñar un sistema de abastecimiento de agua potable, estas comunidades obtienen el recurso hídrico de pozos artesanales, el estudio de abastecimiento de agua es de mucha importancia para sus habitantes como puede ser la red distribución a fin de poseer agua p...

Full description

Bibliographic Details
Main Authors: Benavidez Rizo, Jeyson Francisco, Mejía Zeledón, Misael Antonio, Rodríguez Olivas, Noel Ernesto
Other Authors: Tutor: Pérez Blandón, Keyling Ninoska
Format: Tesis Section = Libro
Language:Undetermined
Spanish
Published: Managua UNI 2020
Subjects:
LEADER 01334nam a2200289Ia 4500
008 240830s9999 xx 000 0 und d
040 |a BIBLIOTECA-RUPAP Mon 628.72 B456 
041 |a spa 
082 |a Mon 628.72 B456 
100 1 |a Benavidez Rizo, Jeyson Francisco 
100 1 |b  Mejía Zeledón, Misael Antonio 
100 1 |c  Rodríguez Olivas, Noel Ernesto 
245 1 0 |a Diseño del sistema de abastecimiento de agua potable en las comunidades El Prado y San Nicolás del municipio de San Fernando, departamento de Nueva Segovia 
260 |a Managua  |b UNI  |c 2020 
300 |a 81 p. :il. 
500 |a Contiene anexos y CD. 
502 |a Tesis (Ingeniero Civil)- UNI, 2020. 
520 3 |a En el presente trabajo consiste en diseñar un sistema de abastecimiento de agua potable, estas comunidades obtienen el recurso hídrico de pozos artesanales, el estudio de abastecimiento de agua es de mucha importancia para sus habitantes como puede ser la red distribución a fin de poseer agua potable directamente a sus hogares. 
650 7 |a AGUA POTABLE 
650 7 |b AGUA- ABASTECIMIENTO 
650 7 |c MINI ACUEDUCTO- DISEÑO Y CONSTRUCCION 
650 7 |d CALIDAD DE AGUA 
650 7 |e ANALISIS FISICO- QUIMICO 
700 1 |a Tutor:  |b Pérez Blandón, Keyling Ninoska 
942 |c BK  |2 ddc 
991 |a TESIS 
999 |c 16457